Вып. 12; Исследования по упругости и пластичности

Bibliographische Detailangaben
Parent link:Исследования по упругости и пластичности: межвузовский сборник/ Ленинградский государственный университет (ЛГУ). Вып. 12.— , 1961-.— 0578-9583
Weitere Verfasser: Морозов Н. Ф. Никита Федорович (редактор)
Sprache:Russisch
Veröffentlicht: 1978
Schlagworte:
Format: MixedMaterials Buch
KOHA link:https://koha.lib.tpu.ru/cgi-bin/koha/opac-detail.pl?biblionumber=336703

MARC

LEADER 00000nam2a2200000 4500
001 336703
005 20231102004900.0
035 |a (RuTPU)RU\TPU\book\363138 
035 |a RU\TPU\book\305058 
090 |a 336703 
100 |a 20171020d1978 k y0rusy50 ca 
101 0 |a rus 
102 |a RU 
105 |a a z 001zy 
200 0 |a Вып. 12  |f под ред. Н. Ф. Морозова 
210 |d 1978 
215 |a 222 с.  |c ил. 
320 |a Библиогр. в конце ст. 
461 1 |0 (RuTPU)RU\TPU\book\305055  |x 0578-9583  |t Исследования по упругости и пластичности  |o межвузовский сборник  |f Ленинградский государственный университет (ЛГУ)  |v Вып. 12  |d 1961-  
606 1 |a Упругость, теория  |2 stltpush  |3 (RuTPU)RU\TPU\subj\63144  |9 80188 
606 1 |a Пластичность, теория  |x (свойства твердого тела)  |2 stltpush  |3 (RuTPU)RU\TPU\subj\67318  |9 83162 
610 1 |a твердые тела 
610 1 |a разрушение 
610 1 |a теория 
610 1 |a плоские тела 
610 1 |a пространственные задачи 
610 1 |a решение 
610 1 |a напряжения 
610 1 |a экспериментальные исследования 
675 |a 539.3  |v 3 
675 |a 539.214  |v 3 
702 1 |a Морозов  |b Н. Ф.  |g Никита Федорович  |4 340 
801 1 |a RU  |b 63413507  |c 20120119 
801 2 |a RU  |b 63413507  |c 20181023  |g RCR 
942 |c BK